000 00977nmm a2200289 a 4500
001 ocm0002146505
003 TR-IsHL
005 20201028183114.0
008 190313s2017 tu tur
007 cr cn
020 _a9786058223523
035 _a2146505
_b(N$T)
050 0 4 _aPL248.C354
_bK5 2017
090 0 4 _aPL248.C354
_bK5 2017
100 1 _aÇakıcıoğlu, Erdal
245 1 0 _aKibele'nin kızları
_h[electronic resource] /
_cErdal Çakıcıoğlu ; yayına hazırlayan Cansu Poroy
250 _a1. Baskı
260 _aİstanbul :
_bTolstoy Yayınları,
_c2017
300 _a415 p.
650 4 _aDil ve Edebiyat
650 4 _aLanguage and Literature
650 0 _aTürk edebiyatı
_x Çocuk romanı
650 0 _aTurkish literature
_x Juvenile fiction
650 7 _aLITERARY COLLECTIONS / Middle Eastern
_2bisacsh
700 1 _aPoroy, Cansu
856 4 0 _uhttp://search.ebscohost.com/login.aspx?direct=true&scope=site&db=e011xww&AN=2146505
999 _c20381
_d20381